Statistics for DreamWorks villains

Click here to take the quiz!

General Stats

  • This quiz has been taken 265 times
    (29 since last reset)
  • The average score is 22 of 46

Answer Stats

MovieAnswer% Correct
ShrekLord Farquaad
91%
Kung Fu PandaTai Lung
83%
Shrek 2Fairy Godmother
78%
Kung Fu Panda 2Lord Shen
78%
Kung Fu Panda 3Kai
74%
Rise of the GuardiansPitch Black
74%
MegamindTighten
74%
Puss in BootsHumpty Dumpty / Jack and Jill
70%
Puss in Boots: The Last WishJack Horner / Goldilocks / Death
70%
Shrek the ThirdPrince Charming
70%
Shrek Forever AfterRumpelstiltskin
70%
Madagascar: Europe's Most WantedChantel Dubois
65%
TrollsChef
61%
Trolls World TourQueen Barb
61%
Penguins of MadagascarDave
57%
How to Train Your Dragon 2Drago Bludvist
52%
The Boss BabyFrancis Francis
52%
The Prince of EgyptPharaoh Ramses
52%
Chicken RunMrs. Tweedy
48%
Kung Fu Panda 4The Chameleon
48%
Monsters vs AliensGallaxhar
43%
Captain Underpants: The First Epic MovieProfessor Poopypants
43%
Flushed AwayThe Toad
43%
Sinbad: Legend of the Seven SeasEris
39%
AntzGeneral Mandible
39%
How to Train Your Dragon: The Hidden WorldGrimmel the Grisly
39%
TurboGuy Gagne
39%
The Bad GuysProfessor Marmalade
39%
MadagascarThe Fossas
39%
The CroodsChunky
35%
Shark TaleDon Lino
35%
The Boss Baby: Family BusinessDr. Armstrong
35%
Over the HedgeDwayne Lafontant / Gladys Sharp / Vincent
35%
Madagascar: Escape 2 Africa
Makunga
35%
HomeThe Gorg / Captain Smek
35%
How to Train Your DragonThe Red Death
35%
The Road to El DoradoTzekel-Kan
35%
Spirit: Stallion of the CimarronColonel Custer
30%
AbominableDr. Zara
30%
Wallace and Gromit: The Curse of the Were RabbitVictor Quartermaine
30%
Bee MovieKen / Layton Montgomery
26%
Mr Peabody and ShermanMs. Grunion
26%
The Croods: A New AgeThe Spiny Mandrilla
26%
Trolls Band TogetherVelvet
26%
Ruby Gillman: Teenage KrakenChelsea/Narissa
22%
Spirit UntamedHendricks
17%

Score Distribution

Percentile by Number Answered

Percent of People with Each Score

Your Score History

You have not taken this quiz since the last reset